00295nam a2200109Ia 4500008004100000041000800041082001400049100002200063245004500085260004000130300001500170240624s9999 xx 000 0 und d aeng a332.6 HAG aHAGSTROM ROBERT G aESSENTIAL BUFFETT TIMELESS PRINCIPLES FO c2001aNew YorkbJohn Wiley and Sons axix, : 283